00318cam a22001097a 4500008004000000082001300040100001900053245006500072260004000137300001000177650002100187180718b1954 xxu||||| |||| 00| 0 eng d aD44 Ap52 aAppleman, J.A. aMilitary tribunals and international crimescby J.A.Appleman aIndianapolisbBobbs - Merrillc1954 a421p. aWar crime trials